000 01115nam a2200277Ia 4500
003 OSt
005 20221005105159.0
006 a|||||r|||| 00| 0
007 ta
008 221004b |||||||| |||| 00| 0 hin d
020 _a9788179757918 (hbk)
_cINR 895.00
024 _a38033
037 _b2415, 14/03/2018, Kiran Book Service
_cTextual
040 _aCRL
_cCRL
_bhin
041 _2hin
_ahin
082 _aO152,6N27:g, Q6
100 _aचतुर्वेदी, जगदीश्वर, ले.
245 0 _aनामवर सिंह और समीक्षा के सीमांत
246 _aNāmavar sianha aur samīkṣhā ke sīmāanta
260 _aनई दिल्ली
_bअनामिका पब्लिशर्स भारत
_c2016
300 _a341पृ0
_ccm.
650 _a हिन्दी साहित्य
650 _aहिन्दी निबंध
942 _hO152,6N27:g, Q6
_cTEXL
_2cc
999 _c1015019
_d1015019